000 01551nam a22003977a 4500
003 CHAP
005 20220329143557.0
008 100622s2010 mx r 00010 spa d
010 _a98779
011 _a99751
035 _a110437
040 _cCHAP
090 _aTesis
100 1 _aVázquez Hernández, Julio César.
_9120393
245 1 0 _aSituación actual y perspectivas del cultivo de brócoli (Brassica oleraceae Var. Itálica) y elote (Zea mays L.) en el Distrito Federal
_c/por Julio César Vázquez Hernández
260 _aChapingo, Méx. :
_bEl autor,
_c2010
300 _avii, 117 h. :
_bgráfs., mapa
502 _aTesis (Ing. Agr. Esp. en Fitotecnia) -- UACH. Departamento de Fitotecnia
530 _aTambién disponible en línea
590 _aALEPH
_b10
_c20130110
_lUCH01
_h1535
590 _aBATCH-UPD
_b10
_c20130110
_lUCH01
_h1123
590 _aBATCH-UPD
_b10
_c20130410
_lUCH01
_h0713
590 _aBATCH-UPD
_b10
_c20130914
_lUCH01
_h0751
590 _aBATCH-UPD
_b10
_c20140324
_lUCH01
_h1518
590 _aBATCH-UPD
_b10
_c20141002
_lUCH01
_h0844
590 _aCONVERSION
_b10
_c20130109
_lUCH01
_h1355
650 1 4 _aBrócoli.
_915529
650 1 4 _aCultivos
_xMéxico (D.F.)
_930299
650 1 4 _aElote.
_936435
650 1 4 _aMaíz
_xCrecimiento.
_970923
856 _3Finding aid
_uhttp://10.13.5.2/tesis/110437.pdf
_zTeclea aqui
901 _aBK
942 _cFOLL
949 _aTesis
_bBC
_cTES
_d33724002176827
_eTS1
_gDonaciØn
_h50788
_i110437
_sb
949 _aTesis
_bBC
_cTES
_d33724002177595
_eTS2
_fc.2
_gDonaciØn
_h50789
_i110437
_sb
999 _c98779
_d98779